| 000 | 00963nam a2200265 i 4500 | ||
|---|---|---|---|
| 001 | 100993 | ||
| 003 | ES-MaACL | ||
| 005 | 20251104122126.0 | ||
| 007 | t| | ||
| 008 | 051010s1904 fr ||||1| fre d | ||
| 100 | 1 |
_aMauclair, Camille, _d1872-1945 _979178 |
|
| 245 | 1 | 2 |
_aL'impressionnisme : _bson histoire, son esthétique, ses maitres / _cCamille Mauclair. |
| 250 | _a2ème. ed. | ||
| 260 |
_aParis : _bLibrairie de l'Art Ancien et Moderne, _c1904 ( _eChartres : _fImp. Durand) |
||
| 300 |
_a238 p., [48] h. de lám. ; _c23 cm. |
||
| 530 | _aDisponible en formato digital. | ||
| 650 | 7 |
_aImpresionismo (Arte) _2embne _9136699 |
|
| 650 | 4 |
_aImpresionismo (Arte)- _zFrancia. _9165160 |
|
| 650 | 4 |
_aPintura- _yS.XIX. _9159872 |
|
| 650 | 4 |
_aPintura francesa- _yS.XIX. _9156487 |
|
| 852 | 4 |
_aES-MaACL _jF-1757 _cDEPO2 |
|
| 856 | 4 |
_uhttps://archive.org/details/limpressionismes00mauc _yInternet Archive |
|
| 942 | _2udc | ||
| 999 |
_c100993 _d100993 |
||